Centroamérica : (Record no. 22415)

MARC details
000 -LEADER
campo de control de longitud fija 01581cam a2200325 a 4500
001 - NÚMERO DE CONTROL
campo de control 31674
005 - FECHA Y HORA DE LA ÚLTIMA TRANSACCIÓN
campo de control 20230410103618.0
008 - DATOS DE LONGITUD FIJA--INFORMACIÓN GENERAL
campo de control de longitud fija 030318s2002 sp b 100 0 spa
035 ## - NÚMERO DE CONTROL DEL SISTEMA
Número de control de sistema 13228951
010 ## - NÚMERO DE CONTROL DE LA BIBLIOTECA DEL CONGRESO
Número de control de LC 2003456544
020 ## - NÚMERO INTERNACIONAL ESTÁNDAR DEL LIBRO
Número Internacional Estándar del Libro 844752633X
035 ## - NÚMERO DE CONTROL DEL SISTEMA
Número de control de sistema (SpBaP)pu030000564
040 ## - FUENTE DE CATALOGACIÓN
Centro catalogador/agencia de origen DLC
Centro/agencia transcriptor DLC
043 ## - CÓDIGO DE ÁREA GEOGRÁFICA
Código de área geográfica nc-----
050 14 - SIGNATURA TOPOGRÁFICA DE LA BIBLIOTECA DEL CONGRESO
Número de clasificación 130 F 1436.7
Número de ítem C397 2002
245 00 - MENCIÓN DEL TÍTULO
Título Centroamérica :
Resto del título perspectivas de futuro /
Mención de responsabilidad, etc. Centre Estudis Internacionals.
260 ## - PUBLICACIÓN, DISTRIBUCIÓN, ETC.
Lugar de publicación, distribución, etc. Barcelona :
Nombre del editor, distribuidor, etc. Publicacions [de la] Universitat de Barcelona,
Fecha de publicación, distribución, etc. c2002.
300 ## - DESCRIPCIÓN FÍSICA
Extensión 216 p. ;
Dimensiones 21 cm.
440 #0 - MENCIÓN DE SERIE/PUNTO DE ACCESO ADICIONAL--TÍTULO
Título Tribuna internacional ;
Designación de volumen o secuencia 4
500 ## - NOTA GENERAL
Nota general Four papers presented at a conference organized by the Centro de Estudios Internacionales in October, 2001.
504 ## - NOTA DE BIBLIOGRAFÍA, ETC.
Nota de bibliografía, etc. Includes bibliographical references.
505 0# - NOTA DE CONTENIDO CON FORMATO
Nota de contenido con formato Veinte años en la historia de América central, 1970-1990 / Tulio Halperin Donghi -- El nuevo regionalismo en Centroamérica, las dimensiones de paz y seguridad / Francisco Aldecoa Luzarraga -- Las instituciones del sistema de integración centroamericana y su futuro / Antonio Remiro Brotons -- La coherencia de políticas en los procesos de paz de El Salvador y Guatemala / Manuel Montobbio.
651 #0 - PUNTO DE ACCESO ADICIONAL DE MATERIA--NOMBRE GEOGRÁFICO
Nombre geográfico Central America
Subdivisión general Foreign relations
Subdivisión cronológica 1979-
Subdivisión de forma Congresses.
650 #0 - PUNTO DE ACCESO ADICIONAL DE MATERIA--TÉRMINO DE MATERIA
Término de materia o nombre geográfico como elemento de entrada Regionalism
Subdivisión geográfica Central America
Subdivisión de forma Congresses.
651 #0 - PUNTO DE ACCESO ADICIONAL DE MATERIA--NOMBRE GEOGRÁFICO
Nombre geográfico Central America
Subdivisión general Economic intergration
Subdivisión de forma Congresses.
710 2# - ENTRADA AGREGADA--NOMBRE DE ENTIDAD CORPORATIVA
Nombre de entidad corporativa o nombre de jurisdicción como elemento de entrada Centro de Estudios Internacionales (Barcelona, Spain)
925 0# -
-- acquire
-- 1 shelf copy
-- policy default
942 ## - ELEMENTOS DE ENTRADA SECUNDARIOS (KOHA)
Fuente del sistema de clasificación o colocación Clasificación de Library of Congress
Tipo de ítem Koha
923 ## -
-- 20030602
-- 99575
-- SpBaP
Holdings
Estatus retirado Estado de pérdida Fuente del sistema de clasificación o colocación Estado de daño No para préstamo Colección Biblioteca de origen Biblioteca actual Ubicación en estantería Fecha de adquisición Serial enumeration / chronology Signatura topográfica completa Código de barras Visto por última vez Copia número Tipo de ítem Koha
    Clasificación de Library of Congress     Recursos Regionales Biblioteca Juan Bosch Biblioteca Juan Bosch Recursos Regionales (2do. Piso) 10/04/2023 1 130 F 1436.7 C397 2002 00000030884 23/10/2018 1